000 00993nam a2200277 a 4500
001 000013713
003 DO-SdBNP
005 20250320104306.0
008 091127s2004 dr d 000 0 spa d
040 _aDO-SdBNP
_bspa
_cBNPHU
082 _a338.1097293
_bS237m
100 1 _aSantos, Arsenio
_931151
245 1 0 _aMercadeo agrícola /
_cArsenio Santos.
260 _aSanto Domingo :
_bBúho,
_c2004.
300 _a216 p. :
_bil. ;
_c22 cm.
500 _aIncluye datos biográficos del autor en la solapa de la cubierta
504 _aBibliografía: p. 213-216
590 _aInventariado, 2018/VM
650 4 _aMercadeo cooperativo de productos agrícolas
_zRepública Dominicana
_931152
650 7 _aMercadeo de productos agrícolas
_zRepública Dominicana
_931153
_2LEMB
650 4 _aFrutas
_xMercadeo
_931154
650 4 _aHortalizas
_xMercadeo
_931155
650 4 _aPolítica agrícola
_zRepública Dominicana
_99553
910 _aValidado. Control de calidad MFF
942 _2ddc
_cLBS1
999 _c13326
_d13326